Score 0/48 Timer 05:00
1 Play Today
Hint 4-Letter Word % Correct
⌘ Difficult ⌘HARD
97.2%
Between May and JulyJUNE
96.8%
⌘ Sodium Chloride ⌘SALT
96.7%
Stop!HALT
96.1%
⌘ Group of musicians ⌘BAND
96%
Fat for cookingLARD
94.5%
Skating arenaRINK
94.2%
Red-white blendPINK
93.6%
⌘ Put ammo in a gun ⌘LOAD
93.5%
Eyre, Fonda, or DoeJANE
93.5%
Magician's stickWAND
92.7%
HighwayROAD
92.7%
Borrowed moneyLOAN
91.2%
Terra firmaLAND
90.7%
RubbishJUNK
90.2%
⌘ Air current ⌘WIND
89.7%
Red planetMARS
89.7%
Comprehend writingREAD
89.1%
Batman's nemesisBANE
88.9%
⌘ Hoodlum ⌘PUNK
88.7%
Male deerHART
88.2%
Throw a saladTOSS
87.7%
GazeLOOK
87.7%
Above average heightTALL
87%
Hint 4-Letter Word % Correct
DaybreakDAWN
86.2%
Catholic ritualMASS
85.9%
⌘ Untidy state ⌘MESS
85.2%
Melon shellRIND
84.9%
Canadian waterbirdLOON
84.5%
BuddiesPALS
84.4%
Lacking colorPALE
84.3%
Narrative storyTALE
84.1%
⌘ Security device ⌘LOCK
81.8%
1994 movie, 'Guarding ____'TESS
81.3%
RippedTORN
81.1%
To tear apartREND
80.7%
⌘ Throw football ⌘PASS
78.4%
TX governor PerryRICK
77.7%
CautionWARN
76.9%
Mend socksDARN
76.9%
⌘ Wally and Beaver's dad ⌘WARD
76.2%
⌘ City ⌘TOWN
76.2%
Rocky peaksTORS
73.4%
⌘⌘ COMMON BOND #1 ⌘⌘ROCK
64.6%
⌘⌘ COMMON BOND #2 ⌘⌘DOWN
55.2%
⌘⌘ COMMON BOND #3 ⌘⌘HALL
43.9%
Old sailorsTARS
42.6%
Soviet news agencyTASS
42.1%

Today's Daily Dose

Remove Ads.
Support Sporcle.
Get the best of Sporcle when you Go Orange. This ad-free experience offers more features, more stats, and more fun while also helping to support Sporcle. Thank you for becoming a member.

You're not logged in!

Compare scores with friends on all Sporcle quizzes.
OR
Log In

Show Comments

Extras

Top Quizzes Today


Score Distribution

Your Account Isn't Verified!

In order to create a playlist on Sporcle, you need to verify the email address you used during registration. Go to your Sporcle Settings to finish the process.

Report this User

Report this user for behavior that violates our Community Guidelines.

Details: